| 000 | 00000nas##2200000za#4500 |
| 001 | 9.513395 |
| 003 | CaOODSP |
| 005 | 20200325131222 |
| 007 | ta |
| 008 | 150406c2002||||xxc|| m #||||f| |0fre|d |
| 040 | |aCaOODSP|bfre |
| 043 | |an-cn--- |
| 086 | 1 |aEn40-238F |
| 110 | 1 |aCanada.|bEnvironnement Canada. |bDivision des gaz à effet de serre. |
| 245 | 10|aInventaire des gaz à effet de serre du Canada fiche / |cPublié par la Division des gaz à effet de serre. |
| 260 | |aOttawa - Ontario : |bEnvironnement Canada. |c2002. |
| 500 | |a"Information sur les tendances des GES fournie par la Division des gaz provoquant l'effet de serre" |
| 563 | |aCouverture souple |
| 691 | 07|aGaz à effet de serre|2gcpds |
| 691 | 07|aMesure|2gcpds |
| 691 | 07|aTendances|2gcpds |
| 775 | 08|tCanada's greenhouse gas inventory factsheet / |w(CaOODSP)9.515059 |
| 776 | 0#|tInventaire des gaz à effet de serre du Canada fiche / |w(CaOODSP)9.500914 |